[Event "ICS rated blitz match"]
[Site "204.178.125.65"]
[Date "2001.01.05"]
[Round "?"]
[White "ChesterX"]
[Black "Hossa"]
[Result "1-0"]
[WhiteElo "2628"]
[BlackElo "2585"]
[PlyCount "161"]
[EventDate "2001.??.??"]

1. d4 Nf6 2. c4 e6 3. Nc3 Bb4 4. e3 d5 5. Nf3 c5 6. Bd3 cxd4 7. exd4 dxc4 8.
Bxc4 O-O 9. O-O b6 10. Bg5 Bb7 11. Rc1 a6 12. a3 Be7 13. Ne5 Nc6 14. Ne2 Nxe5
15. dxe5 Nd7 16. Bxe7 Qxe7 17. Qd6 Qg5 18. Ng3 Nxe5 19. f4 Nxc4 20. Qxf8+ Rxf8
21. fxg5 Nxb2 22. Rc2 Na4 23. Rc7 Bd5 24. Rf4 b5 25. Rf2 Nb6 26. Ra7 Nc4 27.
Rxa6 Ra8 28. Rxa8+ Bxa8 29. Rc2 Bd5 30. Rc3 Bc6 31. a4 Kf8 32. Kf2 Be8 33. axb5
Bxb5 34. Ne4 Ne5 35. Rc7 Bd7 36. Ke3 Ke8 37. Kd4 Kd8 38. Rb7 Nc6+ 39. Kc3 Ke7
40. Nc5 Ne5 41. Kd4 Kd6 42. Ne4+ Kc6 43. Rb2 Ng6 44. Rc2+ Kb6 45. Nd6 e5+ 46.
Kd5 Be6+ 47. Ke4 f6 48. Ne8 Bd7 49. gxf6 Bxe8 50. fxg7 Bf7 51. g4 Kb7 52. Rf2
Nf4 53. Rd2 Kc7 54. Kxe5 Ng6+ 55. Ke4 Be6 56. g5 Bg8 57. Rd3 Be6 58. Ra3 Ne7
59. Ke5 Bg8 60. Ra7+ Kd8 61. Ra8+ Kd7 62. h4 Nc8 63. h5 Kc7 64. Ra1 Nb6 65. h6
Kd7 66. g6 hxg6 67. Rg1 Ke7 68. Rxg6 Nc4+ 69. Kf4 Nd6 70. Rxd6 Kxd6 71. Kf5 Ke7
72. Kg6 Bf7+ 73. Kh7 Bh5 74. g8=Q Bf7 75. Qg5+ Kd7 76. Kg7 Bc4 77. h7 Kd6 78.
h8=Q Be6 79. Qhd8+ Kc6 80. Qga5 Bc4 81. Qab6# {Hossa checkmated} 1-0

[Event "ICS rated blitz match"]
[Site "204.178.125.65"]
[Date "2001.01.05"]
[Round "?"]
[White "Hossa"]
[Black "QueenMaxima"]
[Result "1-0"]
[WhiteElo "2571"]
[BlackElo "2485"]
[PlyCount "103"]
[EventDate "2001.??.??"]

1. e4 c5 2. Nf3 e6 3. d4 cxd4 4. Nxd4 a6 5. c4 Nf6 6. Nc3 Qc7 7. Be2 Nc6 8.
Nxc6 Qxc6 9. Qd3 Bb4 10. e5 Ne4 11. Bf3 Nc5 12. Qd4 Qb6 13. O-O O-O 14. Be3 Qc7
15. Bd2 Qb6 16. Rab1 Na4 17. Qg4 Bxc3 18. bxc3 Qc7 19. Qd4 Qa5 20. Rb4 f5 21.
Bg5 Rf7 22. Be3 f4 23. Bd2 Nc5 24. Rd1 Kh8 25. Qd6 Rf5 26. Bc1 Rf7 27. Rd4 g5
28. Bh5 Rg7 29. h4 Na4 30. Bd2 b6 31. Bf3 Bb7 32. Bxb7 Rag8 33. hxg5 Nc5 34.
Rxb6 Nxb7 35. Rxb7 Rxg5 36. g3 Qxa2 37. Bxf4 R5g7 38. Rxd7 Rxd7 39. Qxd7 Qb1+
40. Kg2 Qf5 41. Qa7 a5 42. Qxa5 Qf7 43. Rd8 Qe7 44. Rxg8+ Kxg8 45. c5 Qb7+ 46.
f3 Kg7 47. Qd8 Qb2+ 48. Kh3 Qb1 49. Bh6+ Kxh6 50. Qf8+ Kg5 51. Qf6+ Kh5 52. g4#
{QueenMaxima checkmated} 1-0

[Event "ICS rated bullet match"]
[Site "204.178.125.65"]
[Date "2001.01.05"]
[Round "?"]
[White "Good-Boy"]
[Black "Hossa"]
[Result "1-0"]
[WhiteElo "2854"]
[BlackElo "2534"]
[PlyCount "63"]
[EventDate "2001.??.??"]

1. d4 d5 2. c4 c6 3. Nf3 dxc4 4. e3 Be6 5. Ne5 b5 6. a4 f6 7. Nf3 g5 8. axb5
cxb5 9. b3 Qd7 10. bxc4 bxc4 11. Nc3 Qc7 12. Qc2 g4 13. Nd2 Qc6 14. e4 Bd7 15.
Bxc4 e6 16. d5 Qc8 17. dxe6 Bc6 18. O-O Bb4 19. Ba3 Bxa3 20. Rxa3 Ne7 21. Nd5
Rf8 22. Qc3 Ng8 23. Qg3 Bxd5 24. Bxd5 Nc6 25. Nc4 Nd4 26. Nd6+ Kd8 27. Qxg4 Qb8
28. Nb7+ Kc7 29. Qf4+ Kc8 30. Rc1+ Nc6 31. Rxc6+ Kxb7 32. Rb3# {
Hossa checkmated} 1-0

[Event "ICS rated blitz match"]
[Site "204.178.125.65"]
[Date "2001.01.05"]
[Round "?"]
[White "ChesterX"]
[Black "Hossa"]
[Result "1/2-1/2"]
[WhiteElo "2642"]
[BlackElo "2583"]
[PlyCount "141"]
[EventDate "2001.??.??"]

1. e4 e5 2. Nf3 Nc6 3. Bb5 a6 4. Ba4 Nf6 5. O-O Nxe4 6. d4 b5 7. Bb3 d5 8. dxe5
Be6 9. Nbd2 Nc5 10. c3 d4 11. Bxe6 Nxe6 12. cxd4 Ncxd4 13. a4 Be7 14. Nxd4 Nxd4
15. Nb3 Ne6 16. Qc2 O-O 17. Rd1 Qe8 18. axb5 Qxb5 19. Ra5 Qb4 20. Rad5 Rfd8 21.
Bd2 Qa4 22. Be3 Rxd5 23. Rxd5 c5 24. Rd2 Qb4 25. Nc1 Rd8 26. Rxd8+ Bxd8 27. Nd3
Qe4 28. b3 Be7 29. Kf1 a5 30. h3 Nd4 31. Qc4 h6 32. Kg1 Ne2+ 33. Kh2 Qxc4 34.
bxc4 Nd4 35. Nb2 Nc6 36. f4 g5 37. g3 gxf4 38. gxf4 Kg7 39. Na4 Nd4 40. Kg3 Kg6
41. Bxd4 cxd4 42. c5 Kf5 43. c6 Bd8 44. Kf3 d3 45. Ke3 d2 46. Nc3 a4 47. Kxd2
Kxf4 48. Nb5 Kxe5 49. Kc3 f5 50. c7 Bxc7 51. Nxc7 f4 52. Nb5 f3 53. Kd2 Kf4 54.
Ke1 Kg3 55. Kf1 f2 56. h4 h5 57. Na3 Kxh4 58. Kxf2 Kh3 59. Nb5 Kg4 60. Ke2 Kg3
61. Kf1 h4 62. Kg1 h3 63. Kh1 Kf3 64. Kh2 Kg4 65. Kg1 Kg5 66. Kf2 a3 67. Nxa3
Kg4 68. Kf1 Kg3 69. Kg1 h2+ 70. Kh1 Kf2 71. Kxh2 {
Game drawn because neither player has mating material} 1/2-1/2

[Event "ICS rated blitz match"]
[Site "204.178.125.65"]
[Date "2001.01.05"]
[Round "?"]
[White "Amateur"]
[Black "Hossa"]
[Result "0-1"]
[WhiteElo "2537"]
[BlackElo "2586"]
[PlyCount "192"]
[EventDate "2001.??.??"]

1. d4 d5 2. Bg5 Nf6 3. e3 e6 4. Bd3 c5 5. Nh3 Qb6 6. b3 cxd4 7. exd4 Bd6 8.
Bxf6 gxf6 9. Qg4 Ke7 10. c3 h5 11. Qg7 Qd8 12. O-O Qg8 13. Qxg8 Rxg8 14. Re1
Ke8 15. Nd2 Bd7 16. Re3 a5 17. Be2 h4 18. Nf3 Rg4 19. Nd2 Rg7 20. Nf3 Rg4 21.
a4 Nc6 22. Nd2 Rg7 23. Rd1 Ne7 24. Bh5 Nf5 25. Rd3 b5 26. axb5 Bxb5 27. c4 Bc6
28. c5 Bc7 29. Nb1 e5 30. dxe5 fxe5 31. Na3 e4 32. Rxd5 Bxd5 33. Nb5 Rc8 34.
Rxd5 Ne7 35. Rd4 Be5 36. Rc4 Kd7 37. Be2 f5 38. Rc1 Rcg8 39. Bf1 Kc6 40. Na7+
Kb7 41. Nb5 Rd8 42. Kh1 Rd2 43. g3 hxg3 44. fxg3 Rb2 45. Nd6+ Bxd6 46. cxd6 Nc8
47. Nf4 Nxd6 48. Rd1 Kc6 49. Rc1+ Kd7 50. Nd5 Kd8 51. Rc6 Rg6 52. Rc3 Rh6 53.
h4 Rg6 54. h5 Rg5 55. Nf4 Kd7 56. Kg1 Rg8 57. Ng6 Ke6 58. Rc6 Rd8 59. h6 Kd5
60. Ne7+ Ke5 61. h7 Nf7 62. Ra6 Re8 63. Ra7 e3 64. Nxf5 Kxf5 65. Rxf7+ Kg6 66.
Re7 Rd8 67. Rd7 Rh8 68. Bd3+ Kf6 69. Bc4 e2 70. Rf7+ Kg6 71. Re7 Rxh7 72. Rxe2
Rxe2 73. Bxe2 Rc7 74. Bf3 Rc3 75. Bd5 Rxg3+ 76. Kf2 Rc3 77. Ke2 Kf6 78. Kd2 Rh3
79. Ke2 Ke5 80. Bg8 Kd4 81. Bf7 Kc3 82. Be6 Rh2+ 83. Kf3 Rb2 84. Ke3 Rxb3 85.
Bxb3 Kxb3 86. Kd2 Kb2 87. Kd3 a4 88. Kc4 a3 89. Kd4 a2 90. Kd3 a1=Q 91. Ke4 Kc3
92. Kd5 Qe1 93. Kd6 Kd4 94. Kd7 Kc5 95. Kd8 Kc6 96. Kc8 Qe8# {
Amateur checkmated} 0-1

[Event "ICS rated blitz match"]
[Site "204.178.125.65"]
[Date "2001.01.05"]
[Round "?"]
[White "Hossa"]
[Black "Amateur"]
[Result "1/2-1/2"]
[WhiteElo "2600"]
[BlackElo "2523"]
[PlyCount "180"]
[EventDate "2001.??.??"]

1. e4 Nf6 2. e5 Nd5 3. d4 d6 4. Nf3 Nb6 5. Be2 Nc6 6. O-O dxe5 7. dxe5 Bf5 8.
Bd3 Bxd3 9. cxd3 Qd7 10. Qb3 O-O-O 11. Qxf7 e6 12. Qxd7+ Rxd7 13. Nc3 Rxd3 14.
Ne2 Nd5 15. Ng5 Nxe5 16. Nxe6 Nc4 17. b3 Nd2 18. Re1 Nf6 19. N2f4 Rd7 20. f3
Bb4 21. Bb2 Re8 22. Re2 h6 23. Kh1 Ree7 24. Bd4 a5 25. Rg1 Nh7 26. Ba1 g5 27.
Ng6 Re8 28. Rc1 c6 29. f4 gxf4 30. Ngxf4 Ng5 31. Nc5 Rde7 32. Rxe7 Rxe7 33.
Ncd3 Ba3 34. Rd1 Nge4 35. Bd4 c5 36. Be3 Nc3 37. Rxd2 Rxe3 38. Kg1 Re8 39. Rc2
Ne4 40. Re2 Kd8 41. Nd5 b5 42. Nf2 Nd6 43. Rxe8+ Kxe8 44. Ng4 Bc1 45. g3 c4 46.
bxc4 bxc4 47. Kf2 Kf8 48. Kf3 a4 49. Ke2 Kg7 50. Nge3 a3 51. Nb6 c3 52. Nbd5
Nb5 53. Kd3 Bb2 54. Nd1 Kg6 55. N5xc3 Nxc3 56. Nxc3 Kg5 57. h3 h5 58. Ne4+ Kg6
59. g4 hxg4 60. hxg4 Bg7 61. Kc4 Bb2 62. Kb4 Bc1 63. Kb3 Kh6 64. Kc4 Bb2 65.
Kd5 Ba1 66. Kc5 Bg7 67. Kb5 Bb2 68. Kb6 Kg6 69. Kc5 Bg7 70. Kb4 Bb2 71. Ka5 Bc1
72. Kb5 Bb2 73. Kc6 Kh6 74. Kd6 Bg7 75. Ke7 Kg6 76. Nc5 Bb2 77. Ne6 Be5 78. Ke8
Kf6 79. Kd7 Bg3 80. Nd8 Kg5 81. Kc6 Kxg4 82. Kd5 Kf3 83. Kc4 Ke2 84. Ne6 Be5
85. Kb3 Kd2 86. Nf4 Bxf4 87. Kxa3 Kc3 88. Ka4 Kb2 89. a3 Bd2 90. Kb5 Kxa3 {
Game drawn because neither player has mating material} 1/2-1/2

[Event "ICS rated bullet match"]
[Site "204.178.125.65"]
[Date "2001.01.05"]
[Round "?"]
[White "NewStart"]
[Black "Hossa"]
[Result "1-0"]
[WhiteElo "2694"]
[BlackElo "2554"]
[PlyCount "83"]
[EventDate "2001.??.??"]

1. e4 e5 2. Nf3 Nc6 3. d4 exd4 4. Nxd4 Nf6 5. Nxc6 bxc6 6. e5 Qe7 7. Qe2 Nd5 8.
c4 Ba6 9. b3 Rb8 10. f4 d6 11. Qe4 Nb4 12. a3 f5 13. Qxf5 Bc8 14. Qe4 d5 15.
Qe2 Na6 16. b4 Ra8 17. cxd5 cxd5 18. Qb5+ Qd7 19. e6 Qxb5 20. Bxb5+ Kd8 21. Bc6
Rb8 22. f5 Bb7 23. Bxb7 Rxb7 24. O-O Be7 25. Bb2 Bc5+ 26. Kh1 Rg8 27. Bxg7 Rxg7
28. bxc5 Rb2 29. g3 Rg5 30. f6 Rb8 31. Nc3 Nxc5 32. Rae1 Ke8 33. Nb5 Na6 34.
f7+ Ke7 35. Nxa7 Re8 36. Nc6+ Kf8 37. e7+ Rxe7 38. Rxe7 Rg4 39. Re8+ Kg7 40.
f8=Q+ Kg6 41. Rf6+ Kh5 42. Qh6# {Hossa checkmated} 1-0

[Event "ICS rated standard match"]
[Site "204.178.125.65"]
[Date "2001.01.05"]
[Round "?"]
[White "Amateur"]
[Black "Hossa"]
[Result "1-0"]
[WhiteElo "2409"]
[BlackElo "2296"]
[PlyCount "149"]
[EventDate "2001.??.??"]

1. e4 e5 2. Nf3 Nc6 3. Bb5 a6 4. Ba4 Nf6 5. O-O Nxe4 6. d4 b5 7. Bb3 d5 8. dxe5
Be6 9. Nbd2 Nc5 10. c3 d4 11. Bxe6 Nxe6 12. cxd4 Ncxd4 13. a4 Be7 14. Nxd4 Nxd4
15. Nb3 Ne6 16. Qc2 O-O 17. Rd1 Qe8 18. Be3 bxa4 19. Nd4 Nxd4 20. Bxd4 a3 21.
bxa3 c5 22. Bc3 Qc6 23. Rd3 Qe4 24. Re1 Qf5 25. Qe2 c4 26. Rd4 Rfc8 27. e6 Bxa3
28. Rd7 f6 29. Red1 Re8 30. e7 Kh8 31. Rd8 Bxe7 32. Qxe7 Raxd8 33. Rxd8 Qb1+
34. Be1 Qxe1+ 35. Qxe1 Rxd8 36. g4 h6 37. Qc3 Rc8 38. Qa5 Rc6 39. Qd8+ Kh7 40.
Qd5 Rc7 41. Qe4+ Kg8 42. Qe6+ Kh7 43. Qd6 Rc8 44. Qxa6 Rc5 45. Qb6 Rg5 46. f3
h5 47. h4 Rd5 48. Qe6 Rc5 49. Qe4+ Kh8 50. Qe8+ Kh7 51. gxh5 c3 52. Qg6+ Kg8
53. h6 Rc7 54. Qd3 Rf7 55. hxg7 Kxg7 56. Qxc3 Rd7 57. Kf2 Ra7 58. h5 Ra2+ 59.
Ke3 Ra7 60. Qd3 Kh8 61. h6 Re7+ 62. Kf2 Ra7 63. Qd8+ Kh7 64. Qxf6 Rb7 65. f4
Ra7 66. f5 Ra2+ 67. Kg3 Ra3+ 68. Kh4 Ra7 69. Qb6 Rf7 70. Kg5 Kg8 71. Qe6 Kf8
72. f6 Ra7 73. Kg6 Rc7 74. h7 Rd7 75. h8=Q# {Hossa checkmated} 1-0

[Event "ICS rated blitz match"]
[Site "204.178.125.65"]
[Date "2001.01.05"]
[Round "?"]
[White "ChesterX"]
[Black "Hossa"]
[Result "1-0"]
[WhiteElo "2660"]
[BlackElo "2597"]
[PlyCount "129"]
[EventDate "2001.??.??"]

1. e4 e5 2. Nf3 Nc6 3. Bb5 a6 4. Ba4 Nf6 5. O-O b5 6. Bb3 Be7 7. Re1 d6 8. c3
O-O 9. h3 b4 10. d4 bxc3 11. Nxc3 exd4 12. Nxd4 Nxd4 13. Qxd4 c6 14. Rd1 Be6
15. Bxe6 fxe6 16. e5 Nd5 17. Bd2 Nxc3 18. Qxc3 Qc7 19. exd6 Bxd6 20. Qc4 Bh2+
21. Kf1 Qb6 22. Be1 c5 23. Rac1 Rf5 24. Rd3 Bf4 25. Rc2 Rb8 26. b3 Rbf8 27. f3
a5 28. Bf2 Rc8 29. g4 Rf6 30. Bd4 Rf7 31. Bxc5 Qb8 32. Qxe6 Re8 33. Qd5 Bg3 34.
Kg2 Qc7 35. Re3 Rxe3 36. Qa8+ Qb8 37. Qxb8+ Bxb8 38. Bxe3 Bc7 39. f4 h6 40. Kf3
Kh7 41. f5 h5 42. Rd2 hxg4+ 43. hxg4 Re7 44. Bg5 Rf7 45. Rd5 Rf8 46. Rd7 Be5
47. Bd8 Bc3 48. Rd5 a4 49. bxa4 Re8 50. a5 Re1 51. a6 Rf1+ 52. Ke4 Re1+ 53. Kd3
Rd1+ 54. Kc4 Rc1 55. a7 Be1+ 56. Kb5 Rc8 57. Kb6 Ra8 58. Kb7 Rxa7+ 59. Kxa7
Bf2+ 60. Kb7 Kg8 61. g5 Bg3 62. g6 Bf4 63. Be7 Bc7 64. Kxc7 Kh8 65. Rd8# {
Hossa checkmated} 1-0

[Event "ICS rated blitz match"]
[Site "204.178.125.65"]
[Date "2001.01.05"]
[Round "?"]
[White "Hossa"]
[Black "gandalf1"]
[Result "0-1"]
[WhiteElo "2584"]
[BlackElo "2735"]
[PlyCount "90"]
[EventDate "2001.??.??"]

1. e4 c5 2. Nf3 Nc6 3. d4 cxd4 4. Nxd4 Nf6 5. Nc3 d6 6. Be2 e5 7. Nf3 h6 8. O-O
Be7 9. Re1 O-O 10. h3 Be6 11. Bf1 Nb8 12. Be3 Nc6 13. Bb5 a6 14. Bd3 Qc7 15.
Qd2 Na5 16. Bxh6 gxh6 17. Qxh6 Nc4 18. Bxc4 Bxc4 19. Nd2 Nh7 20. Re3 Kh8 21.
Nxc4 Qxc4 22. Qh5 Qe6 23. Nd5 Rac8 24. Rb3 b5 25. c3 Rc4 26. Rb4 Rxb4 27. cxb4
f5 28. Nxe7 Qxe7 29. exf5 d5 30. Rd1 Qxb4 31. Qe2 Qd6 32. g4 Rg8 33. Kf1 Ng5
34. f3 e4 35. fxe4 Qf4+ 36. Kg2 dxe4 37. Rd4 Rg7 38. Rd8+ Kh7 39. Re8 Rd7 40.
Rc8 Nf3 41. Kf1 Qg3 42. Rh8+ Kxh8 43. Qxe4 Qg1+ 44. Ke2 Rd2+ 45. Kxf3 Qf2# {
Hossa checkmated} 0-1

[Event "ICS rated standard match"]
[Site "204.178.125.65"]
[Date "2001.01.05"]
[Round "?"]
[White "Valg"]
[Black "Hossa"]
[Result "1-0"]
[WhiteElo "2520"]
[BlackElo "2285"]
[PlyCount "73"]
[EventDate "2001.??.??"]

1. e4 e6 2. d4 d5 3. Nc3 Bb4 4. e5 c5 5. a3 Bxc3+ 6. bxc3 Ne7 7. Qg4 Qc7 8.
Qxg7 Rg8 9. Qxh7 cxd4 10. Ne2 Nbc6 11. f4 dxc3 12. Nxc3 Nd4 13. Bb2 Bd7 14. Qd3
Nef5 15. O-O-O Rc8 16. Rd2 Nc6 17. g4 Rxg4 18. Nb5 Qb8 19. Qf3 Rg8 20. Bd3 a6
21. Bxf5 axb5 22. Bh7 Rh8 23. Qg3 Na5 24. Rg2 Nc4 25. Qg7 Rf8 26. Bc3 Qa7 27.
Bb4 Rc5 28. Rg3 Bc6 29. f5 exf5 30. e6 Nd6 31. Qe5 Ke7 32. Re1 Nc4 33. Qc7+ Kf6
34. exf7 Qxa3+ 35. Bxa3 Bd7 36. Rg6+ Kxf7 37. Qxd7# {Hossa checkmated} 1-0

[Event "ICS rated blitz match"]
[Site "204.178.125.65"]
[Date "2001.01.05"]
[Round "?"]
[White "armenjan"]
[Black "Hossa"]
[Result "0-1"]
[WhiteElo "2056"]
[BlackElo "2575"]
[PlyCount "54"]
[EventDate "2001.??.??"]

1. d4 d5 2. c4 c6 3. Nc3 e6 4. Nf3 dxc4 5. a4 Bb4 6. e4 Nf6 7. Bg5 Bxc3+ 8.
bxc3 Qa5 9. e5 Ne4 10. Bd2 Nxd2 11. Qxd2 b5 12. Ng5 Nd7 13. Ne4 O-O 14. Be2 Nb6
15. Bf3 Nxa4 16. O-O Qc7 17. Rfc1 a5 18. Nd6 Nb6 19. h4 Bb7 20. h5 Qe7 21. h6
g6 22. Qf4 f5 23. Rcb1 Nc8 24. Nxb7 Qxb7 25. Qc1 a4 26. Qa3 Ra6 27. Qb4 Qe7 {
armenjan resigns} 0-1

[Event "ICS rated blitz match"]
[Site "204.178.125.65"]
[Date "2001.01.05"]
[Round "?"]
[White "Hossa"]
[Black "ChesterX"]
[Result "0-1"]
[WhiteElo "2577"]
[BlackElo "2670"]
[PlyCount "190"]
[EventDate "2001.??.??"]

1. e4 c5 2. Nf3 d6 3. d4 cxd4 4. Nxd4 Nf6 5. Nc3 a6 6. Bg5 e6 7. Be2 Be7 8. O-O
Nxe4 9. Bxe7 Nxc3 10. Bxd8 Nxd1 11. Bc7 Nxb2 12. Bxd6 Na4 13. Bf3 Nd7 14. Rfe1
Nab6 15. Nf5 g6 16. Ne3 a5 17. c4 Ra7 18. Rad1 f6 19. Rd2 Na4 20. Bd1 Nac5 21.
Nd5 Kf7 22. Nc7 b6 23. Nb5 Ra6 24. Bg4 h5 25. Bf3 g5 26. Bc6 e5 27. Nc7 Ra7 28.
Bd5+ Kg6 29. Nb5 Ra6 30. Be7 Rh7 31. Bd8 Rh8 32. Bc7 Nf8 33. Bf3 g4 34. Bd1 Bf5
35. Rd6 Nfd7 36. Re3 Kg7 37. Rd2 Be6 38. Be2 a4 39. Bd6 Ra5 40. Nc7 Bf5 41. Rb2
Rc8 42. Nd5 a3 43. Rb4 Ne4 44. Nxb6 Nxd6 45. Nxc8 Nxc8 46. Rb5 Ra4 47. Rc3 Nd6
48. Rd5 Ne4 49. Rc1 Be6 50. Rd3 Ndc5 51. Re3 Nd6 52. Rec3 Nf5 53. Bd1 Nd4 54.
Bxa4 Ne2+ 55. Kf1 Nxc3 56. Rxc3 Nxa4 57. Rxa3 Bxc4+ 58. Kg1 Bb5 59. h3 Kf7 60.
Kh2 f5 61. hxg4 hxg4 62. f3 gxf3 63. gxf3 Ke6 64. Rb3 Be2 65. Kg2 Nc5 66. Rb6+
Kd5 67. Rf6 f4 68. Rf7 Kd4 69. Kf2 Bd1 70. Rh7 Nd3+ 71. Kg2 Ke3 72. a4 Bxa4 73.
Rh2 Bd1 74. Rh3 Nf2 75. Rh6 Bxf3+ 76. Kg1 e4 77. Rf6 Ke2 78. Ra6 e3 79. Ra2+
Kd3 80. Ra3+ Kd2 81. Ra2+ Kc3 82. Ra3+ Kb4 83. Ra6 Nd3 84. Ra1 e2 85. Kh2 e1=Q
86. Rxe1 Nxe1 87. Kh3 Nd3 88. Kh4 Be4 89. Kg5 f3 90. Kf6 f2 91. Ke7 f1=Q 92.
Kd6 Qf6+ 93. Kc7 Qe7+ 94. Kc8 Kc4 95. Kb8 Qb7# {Hossa checkmated} 0-1

[Event "ICS rated standard match"]
[Site "204.178.125.65"]
[Date "2001.01.05"]
[Round "?"]
[White "Hossa"]
[Black "Valg"]
[Result "0-1"]
[WhiteElo "2278"]
[BlackElo "2508"]
[PlyCount "138"]
[EventDate "2001.??.??"]

1. e4 e5 2. Nf3 Nc6 3. Bb5 a6 4. Ba4 Nf6 5. O-O Be7 6. Re1 b5 7. Bb3 d6 8. c3
O-O 9. h3 Na5 10. Bc2 c5 11. d4 Qc7 12. Nbd2 cxd4 13. cxd4 Bb7 14. Nf1 Rac8 15.
Re2 d5 16. dxe5 Nxe4 17. Ng3 f5 18. exf6 Bxf6 19. Nxe4 dxe4 20. Bxe4 Bxe4 21.
Rxe4 Qf7 22. Qd6 Nb7 23. Qd2 Nc5 24. Re3 Rfd8 25. Qe2 Qc4 26. Qxc4+ bxc4 27.
Rb1 Rb8 28. Re2 Rd1+ 29. Re1 Rd5 30. Re2 c3 31. Be3 Rxb2 32. Rexb2 cxb2 33. Nd2
Nd3 34. Nc4 Rd7 35. Bb6 Re7 36. Kf1 Re4 37. Nd2 Ra4 38. g3 Rxa2 39. Ke2 Ra3 40.
Be3 Kf7 41. Kf3 Ra1 42. Ke4 Nc1 43. g4 Bc3 44. f4 a5 45. Bd4 Ra4 46. Nf3 Nb3
47. Kd3 Bxd4 48. Nxd4 Rxd4+ 49. Kc3 a4 50. f5 Rd2 51. Rxb2 Rxb2 52. Kxb2 Kf6
53. Ka3 Nc5 54. Kb4 Kg5 55. Ka3 Kh4 56. Kb4 h6 57. Kc3 Kxh3 58. Kb4 Kxg4 59. f6
gxf6 60. Kc3 h5 61. Kb2 h4 62. Ka2 h3 63. Ka3 h2 64. Ka2 h1=Q 65. Kb2 Qe4 66.
Kc3 a3 67. Kd2 a2 68. Kc3 a1=Q+ 69. Kd2 Nb3# {Hossa checkmated} 0-1

[Event "ICS rated blitz match"]
[Site "204.178.125.65"]
[Date "2001.01.05"]
[Round "?"]
[White "Hossa"]
[Black "armenjan"]
[Result "1-0"]
[WhiteElo "2569"]
[BlackElo "2044"]
[PlyCount "49"]
[EventDate "2001.??.??"]

1. e4 e6 2. d4 d5 3. Nc3 Bb4 4. e5 b6 5. a3 Bf8 6. Nf3 Qd7 7. Bd3 Ba6 8. Bxa6
Nxa6 9. Qe2 Nb8 10. O-O h6 11. Bf4 Ne7 12. Be3 Nbc6 13. Qa6 Qc8 14. Qb5 a6 15.
Qe2 Na5 16. b3 c5 17. Na4 Qc6 18. dxc5 b5 19. Nb6 Ra7 20. Qd2 Nb7 21. b4 Nf5
22. Nd4 Nxd4 23. Qxd4 a5 24. a4 axb4 25. axb5 {armenjan resigns} 1-0

[Event "ICS rated blitz match"]
[Site "204.178.125.65"]
[Date "2001.01.05"]
[Round "?"]
[White "armenjan"]
[Black "Hossa"]
[Result "0-1"]
[WhiteElo "2056"]
[BlackElo "2570"]
[PlyCount "46"]
[EventDate "2001.??.??"]

1. d4 d5 2. c4 c6 3. e3 Nf6 4. Nf3 Bg4 5. Nbd2 e6 6. h3 Bh5 7. Bd3 Bb4 8. O-O
O-O 9. a3 Bd6 10. b4 e5 11. dxe5 Bxe5 12. Rb1 dxc4 13. Nxc4 Bxf3 14. gxf3 Bc7
15. f4 Qd7 16. Kg2 Qd5+ 17. Kg1 Rd8 18. Be2 Qf5 19. Bd2 Qxh3 20. Bf3 a6 21. Bg2
Qh4 22. Ne5 Bxe5 23. fxe5 Ng4 {armenjan resigns} 0-1

[Event "ICS rated blitz match"]
[Site "204.178.125.65"]
[Date "2001.01.05"]
[Round "?"]
[White "Hossa"]
[Black "armenjan"]
[Result "1/2-1/2"]
[WhiteElo "2572"]
[BlackElo "2054"]
[PlyCount "95"]
[EventDate "2001.??.??"]

1. e4 e6 2. d4 d5 3. Nc3 Nf6 4. Bd3 c5 5. exd5 Nxd5 6. Nge2 Nc6 7. dxc5 Bxc5 8.
Nxd5 Qxd5 9. O-O Qh5 10. Ng3 Qxd1 11. Rxd1 f5 12. Bf4 Kf7 13. Bc4 g6 14. c3 a6
15. a4 Re8 16. Rd2 Kf6 17. h4 e5 18. Bg5+ Kg7 19. b4 Bf8 20. Rdd1 h6 21. Bc1
Be6 22. Bxe6 Rxe6 23. Rd7+ Re7 24. Rd3 Rd8 25. Rxd8 Nxd8 26. Bd2 Rd7 27. Rd1
Kf7 28. h5 Ne6 29. Kh2 Rd3 30. hxg6+ Kxg6 31. Ne2 Bd6 32. Nc1 e4+ 33. g3 Rd5
34. c4 Rd4 35. c5 Be5 36. Ne2 Rd3 37. Kg2 Ng5 38. Nc1 Rd7 39. Kf1 Nf3 40. Ke2
Nd4+ 41. Ke1 Nf3+ 42. Ke2 Nd4+ 43. Ke1 Nf3+ 44. Ke2 Nd4+ 45. Ke1 Nf3+ 46. Ke2
Nd4+ 47. Ke1 Nf3+ 48. Ke2 {Game drawn by repetition} 1/2-1/2

[Event "ICS rated standard match"]
[Site "204.178.125.65"]
[Date "2001.01.05"]
[Round "?"]
[White "PostModernist"]
[Black "Hossa"]
[Result "1/2-1/2"]
[WhiteElo "2332"]
[BlackElo "2271"]
[PlyCount "125"]
[EventDate "2001.??.??"]

1. e4 c5 2. c3 Nf6 3. e5 Nd5 4. Nf3 Nc6 5. d4 cxd4 6. cxd4 d6 7. Nc3 dxe5 8.
dxe5 e6 9. Bd3 Nxc3 10. bxc3 Qa5 11. O-O Qxc3 12. Bf4 Be7 13. Rc1 Qa3 14. Qc2
Bd7 15. Be4 Rd8 16. Rfd1 Nb4 17. Qc7 Nxa2 18. Rc4 Ba4 19. Rxd8+ Bxd8 20. Qxb7
Nc3 21. Bd2 Nxe4 22. Rxe4 Qb3 23. Qxa7 Bc6 24. Re3 Qc2 25. Be1 Bxf3 26. Rxf3
O-O 27. g3 Qc1 28. Qe3 Qd1 29. Qe4 Ba5 30. Re3 Rd8 31. Kg2 Bb6 32. Rc3 Qa1 33.
Rb3 Bd4 34. Rd3 Rd5 35. f4 h6 36. Qe2 Qa6 37. Qe4 Qa2+ 38. Rd2 Qa1 39. Rc2 Rd8
40. Kh3 Qa6 41. Kh4 Qb5 42. Bc3 Bc5 43. Kh3 Qf1+ 44. Qg2 Qd3 45. Qe2 Qf5+ 46.
Kg2 Be3 47. Ra2 Qb1 48. Be1 Rb8 49. Rc2 Ra8 50. Kh3 Rd8 51. Ba5 Rb8 52. Qd3 Bc5
53. Be1 Qxe1 54. Rxc5 g6 55. Rc7 Kg7 56. Rxf7+ Kxf7 57. Qd7+ Kg8 58. Qxe6+ Kh7
59. Qf7+ Kh8 60. Qf6+ Kh7 61. Qf7+ Kh8 62. Qf6+ Kh7 63. Qf7+ {
Game drawn by repetition} 1/2-1/2

[Event "ICS rated blitz match"]
[Site "204.178.125.65"]
[Date "2001.01.06"]
[Round "?"]
[White "ChesterX"]
[Black "Hossa"]
[Result "1-0"]
[WhiteElo "2576"]
[BlackElo "2558"]
[PlyCount "155"]
[EventDate "2001.??.??"]

1. d4 d5 2. Bf4 c5 3. e3 Nc6 4. c3 cxd4 5. cxd4 Nf6 6. Nc3 Bf5 7. Nf3 e6 8. Bb5
a6 9. Bxc6+ bxc6 10. O-O Bb4 11. Qa4 Qb6 12. Qb3 Ne4 13. Nxe4 Bxe4 14. Ne5 Rc8
15. f3 Bf5 16. Rfc1 Qb5 17. Nxc6 Bd2 18. Qxb5 axb5 19. Rc5 f6 20. Rd1 g5 21.
Bxg5 fxg5 22. Rxd2 Rf8 23. b4 Bb1 24. Na7 Ra8 25. Rc7 Kd8 26. Rg7 Bg6 27. Nxb5
Ra6 28. Rb7 Rf7 29. Rb8+ Kd7 30. a3 Rf6 31. e4 Rc6 32. e5 Rf4 33. Rb7+ Kc8 34.
Rg7 Kd8 35. Kf2 Ra6 36. Rg8+ Ke7 37. Rc8 Kd7 38. Rc7+ Kd8 39. Rc3 Kd7 40. Nd6
Ra8 41. g3 Rff8 42. Rd1 g4 43. f4 Ra7 44. Rdc1 Rb8 45. Ke1 Kd8 46. Ke2 Rba8 47.
Nb5 Re7 48. Rc5 Rd7 49. Rc6 Ke7 50. Nc7 Rxa3 51. Rxe6+ Kd8 52. Rec6 Ra2+ 53.
Ke3 Ke7 54. Ra6 Rxh2 55. Ra7 Kf8 56. Rc6 Rb2 57. f5 Rb3+ 58. Kd2 Bxf5 59. Rf6+
Kg7 60. Rxf5 Kg6 61. Rf6+ Kh5 62. e6 Rg7 63. Ra5 Rb2+ 64. Kc3 Rxc7+ 65. Kxb2
Kg5 66. Rf4 Kg6 67. Rxd5 Rc8 68. e7 Re8 69. Rd8 Rxe7 70. Rg8+ Rg7 71. Rxg7+
Kxg7 72. d5 Kh6 73. d6 Kg7 74. d7 h5 75. d8=Q Kh6 76. Qh8+ Kg6 77. Rf6+ Kg5 78.
Qg7# {Hossa checkmated} 1-0

[Event "ICS rated blitz match"]
[Site "204.178.125.65"]
[Date "2001.01.06"]
[Round "?"]
[White "Hossa"]
[Black "pob"]
[Result "1-0"]
[WhiteElo "2543"]
[BlackElo "2208"]
[PlyCount "105"]
[EventDate "2001.??.??"]

1. e4 e5 2. Nf3 Nc6 3. Bb5 a6 4. Ba4 Nf6 5. O-O b5 6. Bb3 Be7 7. Re1 d6 8. c3
O-O 9. h3 Na5 10. Bc2 c5 11. d4 cxd4 12. cxd4 Nc6 13. Be3 Re8 14. Nc3 exd4 15.
Nxd4 Nxd4 16. Qxd4 Bb7 17. Rac1 Rc8 18. Qa7 Qd7 19. Bb3 Ra8 20. Qd4 Rac8 21.
Red1 a5 22. e5 Nh5 23. e6 fxe6 24. Qg4 Bf6 25. Qxh5 a4 26. Bc2 g6 27. Qxb5 Qxb5
28. Nxb5 Be5 29. Nxd6 Bxd6 30. Rxd6 Bd5 31. Bxa4 Rxc1+ 32. Bxc1 Rc8 33. Be3
Bxa2 34. b3 Rc2 35. Rxe6 Rb2 36. Re8+ Kf7 37. Rb8 Ke6 38. Rb6+ Kd5 39. Rb5+ Ke4
40. Rb4+ Kd5 41. Rb7 Kd6 42. Bd4 Rb1+ 43. Kh2 Kd5 44. Be3 h5 45. Kg3 Rg1 46.
Rb5+ Ke6 47. Rb6+ Kf5 48. Be8 g5 49. Bxh5 Re1 50. Bxg5 Ke4 51. Rd6 Rb1 52. Bg6+
Ke5 53. Bf4# {pob checkmated} 1-0

[Event "ICS rated blitz match"]
[Site "204.178.125.65"]
[Date "2001.01.06"]
[Round "?"]
[White "pob"]
[Black "Hossa"]
[Result "0-1"]
[WhiteElo "2204"]
[BlackElo "2548"]
[PlyCount "64"]
[EventDate "2001.??.??"]

1. e4 c5 2. Nf3 d6 3. d4 cxd4 4. Nxd4 Nf6 5. Nc3 a6 6. Bg5 Nc6 7. f4 Qb6 8. Nb3
Ng4 9. Qd2 Qe3+ 10. Qxe3 Nxe3 11. Kd2 Nxf1+ 12. Rhxf1 f6 13. Bh4 Bg4 14. Nd5
O-O-O 15. Rae1 e6 16. Nc3 d5 17. Kc1 Bb4 18. h3 Bh5 19. e5 g5 20. fxg5 fxe5 21.
Bg3 e4 22. Rf6 e5 23. a3 Be7 24. Ref1 Bxf6 25. gxf6 Rhg8 26. Bh4 Rxg2 27. f7
Rf8 28. Nxd5 Rxf7 29. Rxf7 Bxf7 30. Nc3 e3 31. Nc5 Rg1+ 32. Nd1 e2 {pob resigns
} 0-1